| 000 | 00371nam a22001337a 4500 | ||
|---|---|---|---|
| 082 |
_a370.1523 _bMAT _cL-29, P-12 |
||
| 100 |
_aMatthews, G.H., _938248 |
||
| 245 | _aDesign for learing / | ||
| 260 |
_aLondon: _bCrosby lockwood & son, ltd, _cc1944 |
||
| 300 |
_a76 p, : _bill, ; _c15cm |
||
| 526 |
_a0 _b0 _c0 _d370_152300000000000_MAT |
||
| 650 |
_aMCE _9379 |
||
| 942 |
_2ddc _cBK |
||
| 999 |
_c542890 _d542890 |
||